000 00440nam a2200121Ia 4500
008 220615s9999||||xx |||||||||||||| ||und||
100 _aEithar El-Adham||Hosam El-Din M. Saleh
245 0 _aTrace Elements - Human Health and Environment
546 _aEnglish[eng]
650 _aLife Sciences||Environmental Health||Environmental Sciences
856 _uhttps://www.intechopen.com/books/trace-elements-human-health-and-environment
942 _cEB
999 _c9394
_d9394